000 00850nam a22002417a 4500
003 DO-SdBNP
005 20221103145942.0
007 ta
008 221103b2022 dr a|||| |||| 00| 0 spa d
020 _a9789945608991
040 _aDO-SdBNP
_bspa
_cBNPHU
082 4 _222
100 1 _aDíaz Torres, Rafael René
_982690
245 1 0 _aGénero, prensa y geografía del deporte :
_bun análisis de la representación y cobertura de la selección nacional de Puerto Rico en el baloncesto femenino 1993-2017 /
_cRafael René Díaz Torres
260 _aSanto Domingo :
_bIsla Negra,
_c2022.
300 _a164 p. :
_bil. ;
_c22 cm.
490 1 _aVisiones y cegueras
500 _aIncluye datos biográficos del autor en las solapas
590 _aInventariado, 2022/BT
830 0 _aVisiones y cegueras
_91120
910 _aBtavárez
942 _2ddc
_cLBS1
999 _c52777
_d52777